00665nam a2200241 a 4500001001300000003000900013005001700022008004100039020001000080082001900090100002200109245003500131260003600166300000900202500003500211505001000246650001700256700002200273902000800295942000700303952009800310999001500408nice12345678IN_TiNIC20260116011546.0050524s1889 lona grp 000 0 eng  ac10000a909.04927bKIN aKingsley, Charles aHistorical Lectures and Essays aLondonbMacmillan and Co.c1889 a404p aincludes index and biblioraphy2 aIndex aCivilization1 aKingsley, Charles bSRS cBK 00104070aHMIbHMId2007-06-05g100.00l0o909.04927 KINp537r2007-06-05w2026-01-16yARB c2605d2605